[Event "CAN op"]
[Site "Hamilton CAN"]
[Date "2022.07.13"]
[Round "4.74"]
[White "Liu, Zachary"]
[Black "Jiang, David"]
[Result "1-0"]
[WhiteElo "1891"]
[BlackElo "1678"]
[PlyCount "43"]
[EventDate "2022.07.12"]
[EventType "swiss"]
[EventRounds "9"]
[EventCountry "CAN"]

1. e4 c5 2. Nf3 e6 3. d4 cxd4 4. Nxd4 Nc6 5. Nc3 a6 6. Be3 Nf6 7. Qf3 Qc7 8.
O-O-O Be7 9. Be2 b5 10. e5 Nd5 11. Nxd5 exd5 12. Nf5 Qxe5 13. Rxd5 Qf6 14. Nd6+
Bxd6 15. Qxf6 gxf6 16. Rxd6 Bb7 17. Bf3 Na5 18. Bxb7 Nxb7 19. Rxf6 Rg8 20. g3
Rg6 21. Rf5 d6 22. Rh5 1-0

[Event "CAN op"]
[Site "Hamilton CAN"]
[Date "2022.07.13"]
[Round "4.75"]
[White "Xu, Ryan"]
[Black "Wu, Jonathan"]
[Result "1-0"]
[WhiteElo "1565"]
[BlackElo "1891"]
[PlyCount "77"]
[EventDate "2022.07.12"]
[EventType "swiss"]
[EventRounds "9"]
[EventCountry "CAN"]

1. d4 Nf6 2. c4 g6 3. Nc3 d5 4. cxd5 Nxd5 5. e4 Nxc3 6. bxc3 Bg7 7. Nf3 c5 8.
h3 Nc6 9. Be3 Qa5 10. Bd2 cxd4 11. cxd4 Qa3 12. d5 Ne5 13. Nxe5 Bxe5 14. Bb5+
Bd7 15. Bxd7+ Kxd7 16. Rb1 Qa6 17. Qg4+ Ke8 18. Rc1 b6 19. f4 h5 20. Qe2 Qxe2+
21. Kxe2 Bd4 22. Rc7 Bc5 23. Rc1 f6 24. Be3 Bxe3 25. Kxe3 Rd8 26. Rxa7 Kf7 27.
Rc6 Ra8 28. Rcc7 Rxa7 29. Rxa7 Rc8 30. d6 Ke6 31. dxe7 Re8 32. Rb7 b5 33. Rxb5
Rxe7 34. a4 Rc7 35. a5 Rc3+ 36. Kd4 Ra3 37. Rb6+ Ke7 38. a6 Ra4+ 39. Kd5 1-0

[Event "CAN op"]
[Site "Hamilton CAN"]
[Date "2022.07.13"]
[Round "4.76"]
[White "Zhong, Ryan Yunhui"]
[Black "Heran-Boily, Samuel"]
[Result "0-1"]
[WhiteElo "1480"]
[BlackElo "1871"]
[PlyCount "158"]
[EventDate "2022.07.12"]
[EventType "swiss"]
[EventRounds "9"]
[EventCountry "CAN"]

1. d4 Nf6 2. c4 g6 3. Nc3 Bg7 4. e4 O-O 5. Be3 b6 6. f3 d6 7. Bd3 Bb7 8. Nge2
Nbd7 9. O-O e5 10. d5 h6 11. Qd2 Kh7 12. Ng3 Ng8 13. a3 h5 14. b4 Bh6 15. Nd1
Qe7 16. Bxh6 Nxh6 17. Nf2 f6 18. Nh3 h4 19. Ne2 g5 20. g3 hxg3 21. Nxg3 Rf7 22.
Nf2 Nf8 23. Ng4 Bc8 24. Nf5 Bxf5 25. exf5 Nd7 26. Rf2 Rh8 27. Nxh6 Kxh6 28. h4
Kg7 29. hxg5 fxg5 30. Rg2 Rh5 31. Kf2 Kf6 32. Be4 Rfh7 33. Ke2 Qg7 34. Kd3 Rh8
35. Kc2 Rh4 36. Rag1 R8h5 37. Qf2 Qh6 38. Kb3 Ke7 39. Qd2 Rf4 40. Rg4 Nf6 41.
Rxf4 exf4 42. Bd3 Nd7 43. Re1+ Ne5 44. c5 Kf7 45. Qe2 Rh2 46. Qe4 Qf6 47. Bb5
Rf2 48. cxd6 Rxf3+ 49. Ka4 cxd6 50. Rc1 Qe7 51. f6 Kxf6 52. Rh1 Qg7 53. Be8 b5+
54. Bxb5 Qg6 55. Qe2 g4 56. Qh2 Nf7 57. Be8 Qg7 58. Bxf7 Qxf7 59. Qh6+ Kf5 60.
Qxd6 Qe8+ 61. Qc6 Qxc6+ 62. dxc6 Rc3 63. Rh5+ Ke6 64. Rh4 Rxc6 65. Rxg4 Kf5 66.
Rg1 f3 67. Kb5 Rb6+ 68. Kc4 Kf4 69. Kd4 f2 70. Rf1 Kf3 71. Ra1 Re6 72. Rf1 Re1
73. Rxf2+ Kxf2 74. a4 Kf3 75. a5 Rc1 76. b5 Ra1 77. a6 Rc1 78. Kd5 Ke3 79. Kd6
Kd4 0-1

[Event "CAN op"]
[Site "Hamilton CAN"]
[Date "2022.07.13"]
[Round "4.77"]
[White "Wu, Benjamin"]
[Black "Russell, Wesley"]
[Result "0-1"]
[WhiteElo "1870"]
[BlackElo "1287"]
[PlyCount "86"]
[EventDate "2022.07.12"]
[EventType "swiss"]
[EventRounds "9"]
[EventCountry "CAN"]

1. e4 c6 2. d4 d5 3. e5 c5 4. c3 Nc6 5. Nf3 cxd4 6. cxd4 Bg4 7. Be3 e6 8. Be2
Bb4+ 9. Nc3 Nge7 10. O-O O-O 11. Rc1 Rc8 12. a3 Ba5 13. Bd3 Nf5 14. Bxf5 Bxf5
15. Nb5 Bc7 16. Nxc7 Rxc7 17. Qa4 Qd7 18. h3 Nxe5 19. Qxa7 Nxf3+ 20. gxf3 Bxh3
21. Bf4 Rxc1 22. Rxc1 Qe7 23. Rc3 Qf6 24. Bg3 Qg6 25. Kh2 Qh5 26. Kg1 f5 27.
Qxb7 f4 28. Rc8 fxg3 29. Rxf8+ Kxf8 30. Qb8+ Qe8 31. Qd6+ Kg8 32. fxg3 Qf8 33.
Qxf8+ Kxf8 34. g4 g6 35. a4 Ke7 36. Kf2 Kd7 37. b4 h5 38. Kg3 hxg4 39. fxg4 Bf1
40. Kf4 Bd3 41. Ke5 Bc2 42. g5 Bd3 43. b5 Ke7 0-1

[Event "CAN op"]
[Site "Hamilton CAN"]
[Date "2022.07.13"]
[Round "4.78"]
[White "Bolduc, Jacques"]
[Black "Jiang, Hancy"]
[Result "0-1"]
[WhiteElo "1460"]
[BlackElo "1855"]
[PlyCount "88"]
[EventDate "2022.07.12"]
[EventType "swiss"]
[EventRounds "9"]
[EventCountry "CAN"]

1. d4 Nf6 2. c4 g6 3. Nc3 Bg7 4. Bg5 d6 5. Nf3 Nbd7 6. e3 h6 7. Bh4 c5 8. Bd3
g5 9. Bg3 Qb6 10. Qe2 a6 11. O-O O-O 12. Rad1 Re8 13. Bb1 Qa5 14. Qc2 b5 15.
dxc5 Nxc5 16. Nd5 Ncd7 17. b4 Qd8 18. Nd4 Bb7 19. Nf5 Bxd5 20. cxd5 Rc8 21. Qd3
Rc4 22. Nxg7 Kxg7 23. a3 Nb6 24. Ba2 Rc7 25. Qd4 Na4 26. Rc1 Qc8 27. Rxc7 Qxc7
28. Kh1 Rc8 29. f4 Qc3 30. fxg5 hxg5 31. h4 Qxd4 32. exd4 Ne4 33. Kh2 Nxg3 34.
Kxg3 Nc3 35. Bb3 Ne2+ 36. Kg4 Nxd4 37. Bd1 gxh4 38. Kxh4 Rc3 39. Rf4 Nc2 40.
Re4 Kf8 41. Kg5 Nxa3 42. Kf5 Rd3 43. Bf3 Rxd5+ 44. Kg4 f5+ 0-1

[Event "CAN op"]
[Site "Hamilton CAN"]
[Date "2022.07.13"]
[Round "4.80"]
[White "Gillis, Doug"]
[Black "Leong, Ryan"]
[Result "0-1"]
[WhiteElo "1417"]
[BlackElo "1853"]
[PlyCount "58"]
[EventDate "2022.07.12"]
[EventType "swiss"]
[EventRounds "9"]
[EventCountry "CAN"]

1. b3 Nf6 2. Bb2 d5 3. e3 e6 4. Nf3 Bd6 5. d4 Nbd7 6. Bd3 O-O 7. O-O Ne4 8. c4
c6 9. cxd5 exd5 10. Nc3 Re8 11. Ne2 Nf8 12. Bxe4 dxe4 13. Ne5 f6 14. Nc4 Bc7
15. Ng3 Be6 16. Qc2 Bd5 17. Rac1 Qd7 18. Qe2 g6 19. Rfd1 h5 20. Nf1 Ne6 21.
Nfd2 b5 22. Na3 Ng5 23. Nf1 Nf3+ 24. Kh1 h4 25. Nb1 Qd6 26. gxf3 exf3 27. Qd3
Be4 28. Qc3 Qe6 29. Nfd2 Qh3 0-1

[Event "CAN op"]
[Site "Hamilton CAN"]
[Date "2022.07.13"]
[Round "4.81"]
[White "Mourgelas, James"]
[Black "Wang, Rachel"]
[Result "0-1"]
[WhiteElo "1346"]
[BlackElo "1850"]
[PlyCount "90"]
[EventDate "2022.07.12"]
[EventType "swiss"]
[EventRounds "9"]
[EventCountry "CAN"]

1. e4 c5 2. Nf3 Nc6 3. g3 g6 4. Bg2 Bg7 5. d3 d6 6. O-O e6 7. c3 Nge7 8. Be3
O-O 9. Qd2 b6 10. Bh6 Ba6 11. Bxg7 Kxg7 12. Rd1 Rc8 13. c4 Nd4 14. Nc3 Nec6 15.
Ne2 Nxf3+ 16. Bxf3 Ne5 17. Bg2 b5 18. f4 Nc6 19. b3 Qb6 20. Kh1 Rfd8 21. f5
exf5 22. exf5 Ne5 23. fxg6 hxg6 24. Nf4 Rh8 25. Rf1 Ng4 26. h3 Bb7 27. Nd5 Bxd5
28. cxd5 Rce8 29. Qf4 Ne5 30. Rae1 Qc7 31. Qf6+ Kg8 32. Rf4 Qe7 33. Qxe7 Rxe7
34. d4 cxd4 35. Rxd4 Rc7 36. Rde4 Kg7 37. h4 Nd3 38. R1e2 Rc1+ 39. Kh2 Ne5 40.
R2e3 f5 41. Re1 Rc2 42. R4e2 Rhc8 43. Kh3 Kf6 44. Bh1 R8c3 45. Kg2 Nf3 0-1

[Event "CAN op"]
[Site "Hamilton CAN"]
[Date "2022.07.13"]
[Round "4.82"]
[White "Zhang, Brian"]
[Black "Liu, Sean"]
[Result "1-0"]
[WhiteElo "1842"]
[BlackElo "1208"]
[PlyCount "69"]
[EventDate "2022.07.12"]
[EventType "swiss"]
[EventRounds "9"]
[EventCountry "CAN"]

1. e4 c5 2. Nf3 Nc6 3. d4 cxd4 4. Nxd4 Nf6 5. Nc3 e6 6. Ndb5 d6 7. Bf4 e5 8.
Bg5 a6 9. Na3 Be6 10. Nc4 b5 11. Ne3 Be7 12. Bxf6 Bxf6 13. Ncd5 O-O 14. c3 Bg5
15. Bd3 Ne7 16. Bc2 Ng6 17. O-O Nf4 18. a4 Nxd5 19. Nxd5 bxa4 20. Rxa4 Bd7 21.
Ra2 g6 22. Qe2 Qb8 23. Bd3 a5 24. Rfa1 a4 25. Bc2 f5 26. Bxa4 Rxa4 27. Rxa4
Bxa4 28. Rxa4 fxe4 29. b4 Qe8 30. Ra7 Qe6 31. Qxe4 Bd2 32. Re7 Qc8 33. Qh4 Rf7
34. Rxf7 Kxf7 35. Qe7+ 1-0

[Event "CAN op"]
[Site "Hamilton CAN"]
[Date "2022.07.13"]
[Round "4.83"]
[White "Katrib, Jordan"]
[Black "Liu, Henry"]
[Result "0-1"]
[WhiteElo "1344"]
[BlackElo "2041"]
[PlyCount "102"]
[EventDate "2022.07.12"]
[EventType "swiss"]
[EventRounds "9"]
[EventCountry "CAN"]

1. e4 e6 2. d4 d5 3. Nd2 Nf6 4. e5 Nfd7 5. Bd3 c5 6. c3 Nc6 7. Ne2 cxd4 8. cxd4
f6 9. exf6 Nxf6 10. O-O Bd6 11. Nf3 O-O 12. Bf4 Bxf4 13. Nxf4 Ne4 14. Ne2 Ng5
15. Nxg5 Qxg5 16. f4 Qh6 17. Rc1 Bd7 18. Bb1 Be8 19. Rc3 Qf6 20. Rh3 Bg6 21.
Bxg6 Qxg6 22. Qd3 Ne7 23. Qxg6 Nxg6 24. Re3 Rfc8 25. Rc3 Rxc3 26. bxc3 Ne7 27.
Rb1 b6 28. Kf2 Rc8 29. Rb3 Nf5 30. Ng3 Nd6 31. Ke3 Kf7 32. Kd3 h5 33. h4 Kg6
34. Rb2 Ne4 35. Nxe4 dxe4+ 36. Kxe4 Rxc3 37. Rf2 Kf6 38. Re2 g6 39. Rd2 Rc1 40.
d5 Rc4+ 41. Kf3 exd5 42. Rxd5 Rc5 43. Rd7 Ra5 44. Rd2 Kf5 45. g3 Ra3+ 46. Kf2
Kg4 47. f5 Rf3+ 48. Kg2 Rxg3+ 49. Kh2 gxf5 50. Rd7 Ra3 51. Rg7+ Kxh4 0-1

[Event "CAN op"]
[Site "Hamilton CAN"]
[Date "2022.07.13"]
[Round "4.84"]
[White "Jiang, Kate"]
[Black "Lu, Aiden"]
[Result "1-0"]
[WhiteElo "1982"]
[BlackElo "1291"]
[PlyCount "121"]
[EventDate "2022.07.12"]
[EventType "swiss"]
[EventRounds "9"]
[EventCountry "CAN"]

1. e4 e5 2. Nf3 Nc6 3. Bb5 a6 4. Ba4 Nf6 5. O-O Be7 6. Re1 b5 7. Bb3 d6 8. c3
O-O 9. h3 Be6 10. Bc2 Re8 11. d4 exd4 12. cxd4 d5 13. e5 Nd7 14. a3 f6 15. exf6
Bxf6 16. Nc3 Bf7 17. Rxe8+ Qxe8 18. Bg5 h6 19. Bxf6 Nxf6 20. Qd3 Rd8 21. Re1
Ne7 22. b4 Bg6 23. Rxe7 Bxd3 24. Rxe8+ Rxe8 25. Bxd3 Kf8 26. Ne5 Ke7 27. a4
bxa4 28. Nxa4 Ra8 29. Nc5 Kd6 30. Nxa6 c6 31. f3 Nh5 32. Ng6 Re8 33. Kf2 Kd7
34. g4 Nf6 35. Nc5+ Kd6 36. Nh4 Kc7 37. Nf5 g5 38. Nxh6 Rh8 39. Nf7 Rxh3 40.
Kg2 Rh4 41. Ne6+ Kd7 42. Nexg5 Ke7 43. Ne5 Kd6 44. Ng6 Rh7 45. Nxh7 Nxh7 46.
Kg3 Ng5 47. Ne5 Ne6 48. Nf7+ Ke7 49. Nh6 Nxd4 50. Nf5+ Nxf5+ 51. Bxf5 Kd6 52.
Kf4 c5 53. bxc5+ Kxc5 54. g5 Kd6 55. g6 Ke7 56. Ke5 Kf8 57. Kf6 d4 58. g7+ Kg8
59. Be6+ Kh7 60. g8=Q+ Kh6 61. Qg6# 1-0

[Event "CAN op"]
[Site "Hamilton CAN"]
[Date "2022.07.13"]
[Round "4.85"]
[White "Zhang, Michelle"]
[Black "Basi, Karandeep"]
[Result "1-0"]
[WhiteElo "1756"]
[BlackElo "1280"]
[PlyCount "85"]
[EventDate "2022.07.12"]
[EventType "swiss"]
[EventRounds "9"]
[EventCountry "CAN"]

1. e4 c5 2. Nf3 d6 3. d4 cxd4 4. Nxd4 Nf6 5. Nc3 a6 6. Be3 e5 7. Nb3 Be6 8. Be2
Be7 9. O-O Nbd7 10. f4 b5 11. f5 Bc4 12. Bxc4 bxc4 13. Nd2 Rc8 14. Qe2 Nb6 15.
Rf2 d5 16. exd5 Nbxd5 17. Nxd5 Qxd5 18. b3 Ne4 19. Nxc4 Nxf2 20. Nb6 Nh3+ 21.
gxh3 Qc6 22. Nxc8 Qxc8 23. Rf1 f6 24. Qh5+ Kf8 25. Rd1 Qe8 26. Qxe8+ Kxe8 27.
Kf2 Kf7 28. Kf3 g6 29. Ke4 Rc8 30. c4 a5 31. Rd7 Ke8 32. Ra7 Bc5 33. Bxc5 Rxc5
34. Rxh7 gxf5+ 35. Kxf5 Rc6 36. Ra7 Rc5 37. Kxf6 Kd8 38. Kf5 Ke8 39. h4 e4+ 40.
Kxe4 Rh5 41. Kf3 Rxh4 42. Kg3 Rh5 43. h4 1-0

[Event "CAN op"]
[Site "Hamilton CAN"]
[Date "2022.07.13"]
[Round "4.86"]
[White "Bruneau, Gilles"]
[Black "Ali, Shafkat"]
[Result "0-1"]
[WhiteElo "1290"]
[BlackElo "1619"]
[PlyCount "84"]
[EventDate "2022.07.12"]
[EventType "swiss"]
[EventRounds "9"]
[EventCountry "CAN"]

1. d4 d5 2. c4 c6 3. Nc3 Nf6 4. e3 e6 5. Nf3 Bb4 6. Qc2 Ne4 7. cxd5 exd5 8. a3
Qa5 9. Bd2 Nxd2 10. Qxd2 Bf5 11. Bd3 Bxd3 12. Qxd3 O-O 13. O-O Bd6 14. Rfe1 Nd7
15. b4 Qd8 16. e4 Nb6 17. e5 Be7 18. g3 Qd7 19. Nd2 Qh3 20. f4 g6 21. Rab1 f5
22. Nd1 g5 23. Nf2 Qh6 24. Qe3 Rf7 25. Nd3 Rg7 26. Kh1 Kh8 27. Rg1 Rag8 28.
Rbf1 g4 29. Nf2 Qe6 30. Kg2 h5 31. Rh1 h4 32. Rfg1 h3+ 33. Kf1 Nc4 34. Nxc4
dxc4 35. Nd1 Bd8 36. Nc3 Bb6 37. Ke2 Rd7 38. Rd1 Rgd8 39. d5 cxd5 40. Qc1 d4
41. Na4 Qc6 42. Rhg1 Qxa4 0-1

[Event "CAN op"]
[Site "Hamilton CAN"]
[Date "2022.07.13"]
[Round "4.87"]
[White "Crooks, Israel"]
[Black "Buchatsky, Joseph"]
[Result "0-1"]
[WhiteElo "1611"]
[BlackElo "1256"]
[PlyCount "86"]
[EventDate "2022.07.12"]
[EventType "swiss"]
[EventRounds "9"]
[EventCountry "CAN"]

1. e4 e5 2. Nf3 Nc6 3. Bb5 Bc5 4. c3 Qf6 5. d3 h6 6. Be3 Bb6 7. Nbd2 Nge7 8.
Nf1 O-O 9. Ng3 d6 10. h3 Qg6 11. Ba4 Bxe3 12. O-O Qxg3 13. fxe3 Bxh3 14. Qe2 f5
15. Bb3+ Kh8 16. Qf2 Qxf2+ 17. Rxf2 fxe4 18. dxe4 Bg4 19. Raf1 Na5 20. Nh4 Rxf2
21. Rxf2 Bh5 22. Bf7 Bxf7 23. Rxf7 Nac6 24. b4 Kg8 25. Rf1 a5 26. b5 Nd8 27. a4
Ne6 28. Nf5 Nxf5 29. exf5 Nc5 30. f6 Rf8 31. b6 c6 32. Rd1 Rxf6 33. g3 Nxa4 34.
Ra1 Nxc3 35. Rxa5 Nd5 36. Ra7 Rf7 37. Ra8+ Kh7 38. Rd8 Nxb6 39. Rxd6 Rc7 40.
Kf2 Na4 41. Re6 b5 42. Rxe5 b4 43. Ra5 b3 0-1

[Event "CAN op"]
[Site "Hamilton CAN"]
[Date "2022.07.13"]
[Round "4.88"]
[White "Dennahower, Michael"]
[Black "Gao, Justin"]
[Result "1-0"]
[WhiteElo "1281"]
[BlackElo "1587"]
[PlyCount "52"]
[EventDate "2022.07.12"]
[EventType "swiss"]
[EventRounds "9"]
[EventCountry "CAN"]

1. e4 c5 2. Nf3 e6 3. d4 cxd4 4. Nxd4 a6 5. Nc3 b5 6. a3 Bb7 7. Be2 Qc7 8. O-O
Nf6 9. Bf3 d6 10. Re1 Nbd7 11. Bg5 Be7 12. Qe2 O-O 13. g3 h6 14. Be3 Nc5 15.
Rad1 Nfxe4 16. Nxe4 Nxe4 17. Bxh6 Nxg3 18. hxg3 gxh6 19. Kg2 Bxf3+ 20. Qxf3
Rfe8 21. Qh5 Bf8 22. Re4 Bg7 23. Rg4 Kh7 24. Rh1 Rh8 25. Qg5 Bf8 26. Rgh4 Rg8
1-0

[Event "CAN op"]
[Site "Hamilton CAN"]
[Date "2022.07.13"]
[Round "4.89"]
[White "Yang, Nathan"]
[Black "Sharpe, Michael"]
[Result "1/2-1/2"]
[WhiteElo "1169"]
[BlackElo "1519"]
[PlyCount "43"]
[EventDate "2022.07.12"]
[EventType "swiss"]
[EventRounds "9"]
[EventCountry "CAN"]

1. d4 Nf6 2. Bf4 d6 3. e3 g6 4. h3 Bg7 5. Bd3 O-O 6. Nf3 b6 7. c3 Bb7 8. Bh2
Nbd7 9. Nbd2 a5 10. Qb1 Re8 11. O-O Rc8 12. Ne4 e5 13. dxe5 dxe5 14. Rd1 Qe7
15. Nxf6+ Bxf6 16. Be4 Ba6 17. Bc6 Rcd8 18. Rd2 Bc8 19. b4 axb4 20. cxb4 Rf8
21. Qe4 Nb8 22. Ba8 1/2-1/2

[Event "CAN op"]
[Site "Hamilton CAN"]
[Date "2022.07.13"]
[Round "4.90"]
[White "Dickson, Raymond"]
[Black "Dolmer, William"]
[Result "1-0"]
[WhiteElo "1511"]
[BlackElo "1165"]
[PlyCount "98"]
[EventDate "2022.07.12"]
[EventType "swiss"]
[EventRounds "9"]
[EventCountry "CAN"]

1. d4 d5 2. e3 Nf6 3. f4 e6 4. Bd3 c5 5. c3 Nc6 6. Nd2 Bd6 7. Ngf3 O-O 8. Ne5
cxd4 9. exd4 Bxe5 10. fxe5 Ne4 11. Bxe4 dxe4 12. Nxe4 Qh4+ 13. Ng3 f5 14. O-O
f4 15. Qf3 Bd7 16. Ne4 Ne7 17. Bxf4 Nd5 18. Qg3 Rxf4 19. Rxf4 Qxf4 20. Nf6+ Kh8
21. Qxf4 Nxf4 22. Nxd7 b6 23. Rf1 Ng6 24. d5 exd5 25. Rd1 Ne7 26. Kf2 Rc8 27.
Ke3 Rc4 28. Rf1 Re4+ 29. Kd3 g6 30. Rf7 Nf5 31. Nf6 Rh4 32. Rf8+ Kg7 33. Rg8+
Kf7 34. Ra8 Ke6 35. Re8+ Kf7 36. h3 Ne7 37. Ra8 Nc6 38. Nxd5 Nxe5+ 39. Kc2 Ke6
40. Ne3 a5 41. Re8+ Kd6 42. Rd8+ Kc7 43. Rd4 Rxd4 44. cxd4 Nc6 45. Kc3 b5 46.
d5 Ne5 47. Kd4 Kd6 48. a4 Nd7 49. axb5 Nc5 1-0

[Event "CAN op"]
[Site "Hamilton CAN"]
[Date "2022.07.13"]
[Round "4.91"]
[White "Huang, Winston"]
[Black "Gutierrez, Matias"]
[Result "0-1"]
[WhiteElo "1131"]
[BlackElo "1477"]
[PlyCount "102"]
[EventDate "2022.07.12"]
[EventType "swiss"]
[EventRounds "9"]
[EventCountry "CAN"]

1. d4 Nf6 2. c4 g6 3. Nc3 d5 4. e3 Bg7 5. Nf3 O-O 6. Be2 dxc4 7. Bxc4 c5 8. O-O
Nc6 9. dxc5 Qa5 10. Qe2 Qxc5 11. Rd1 Bg4 12. Bb3 Ne5 13. e4 Nxf3+ 14. gxf3 Bh3
15. Qe3 Qh5 16. Nd5 e6 17. Nf4 Qg5+ 18. Kh1 e5 19. Nxh3 Qh4 20. Ng1 Nh5 21. Qg5
Qxf2 22. Rb1 Bf6 23. Be3 Nf4 24. Bxf2 Bxg5 25. Be3 Rad8 26. Bxf4 Bxf4 27. Ne2
Be3 28. Nc3 Kg7 29. Rxd8 Rxd8 30. Rd1 Rd4 31. Rxd4 exd4 32. Nd1 Bf4 33. Kg2 f5
34. exf5 gxf5 35. h3 Kf6 36. Kf2 Kg5 37. Kg2 Kf6 38. Nf2 Bc1 39. Nd3 Be3 40. f4
b5 41. Bd5 b4 42. Nxb4 Bxf4 43. Nd3 Be3 44. b4 Ke7 45. b5 Kd6 46. Bc6 a6 47.
bxa6 Kxc6 48. Nb4+ Kb6 49. Nd5+ Kxa6 50. Nxe3 dxe3 51. Kf3 f4 0-1

[Event "CAN op"]
[Site "Hamilton CAN"]
[Date "2022.07.13"]
[Round "4.92"]
[White "Sun, Michael"]
[Black "Mullur, Neerav"]
[Result "1-0"]
[WhiteElo "1043"]
[BlackElo "1459"]
[PlyCount "51"]
[EventDate "2022.07.12"]
[EventType "swiss"]
[EventRounds "9"]
[EventCountry "CAN"]

1. d4 Nf6 2. Bf4 g6 3. e3 Bg7 4. Nf3 d6 5. Bd3 O-O 6. c3 Nfd7 7. Nbd2 e5 8. Bg5
f6 9. Qb3+ Kh8 10. Bh4 g5 11. Bg3 f5 12. Bc2 f4 13. exf4 exf4 14. O-O-O fxg3
15. hxg3 h6 16. Ne4 d5 17. Qxd5 Nf6 18. Qxd8 Rxd8 19. Nxf6 Bxf6 20. Rxh6+ Kg7
21. Rh7+ Kg8 22. Rxc7 Nc6 23. Bb3+ Kf8 24. Rf7+ Ke8 25. Rxf6 Bg4 26. Re1+ 1-0

[Event "CAN op"]
[Site "Hamilton CAN"]
[Date "2022.07.13"]
[Round "4.93"]
[White "Zhong, April Yunwei"]
[Black "Buchanan, Jessica"]
[Result "1-0"]
[WhiteElo "1452"]
[BlackElo "896"]
[PlyCount "87"]
[EventDate "2022.07.12"]
[EventType "swiss"]
[EventRounds "9"]
[EventCountry "CAN"]

1. d4 d5 2. c4 Nf6 3. Nc3 e6 4. cxd5 exd5 5. Bg5 Be7 6. e3 O-O 7. Nf3 Bf5 8.
Qb3 Nbd7 9. Be2 c6 10. Qxb7 Qb6 11. Qxb6 axb6 12. O-O h6 13. Bh4 g5 14. Bg3 Ne4
15. Nxe4 dxe4 16. Ne5 Nxe5 17. Bxe5 f6 18. Bc7 b5 19. Rfc1 Bd7 20. a3 Rfc8 21.
Bb6 Ra6 22. Bc5 Bxc5 23. Rxc5 Raa8 24. Rac1 Kf7 25. f3 exf3 26. Bxf3 Rab8 27.
Bxc6 Bxc6 28. Rxc6 Rxc6 29. Rxc6 b4 30. a4 b3 31. Kf2 Rb4 32. a5 Ra4 33. Rb6
Rxa5 34. Rxb3 Ke6 35. e4 Ra6 36. Ke3 f5 37. e5 Kd5 38. Kd3 h5 39. Rb5+ Ke6 40.
g3 Ra1 41. Rb6+ Kf7 42. Rf6+ Kg7 43. Rxf5 Kg6 44. Rf2 1-0

[Event "CAN op"]
[Site "Hamilton CAN"]
[Date "2022.07.13"]
[Round "4.94"]
[White "Fakoorziba, Payam"]
[Black "Qian, Ashley"]
[Result "0-1"]
[WhiteElo "1003"]
[BlackElo "1413"]
[PlyCount "70"]
[EventDate "2022.07.12"]
[EventType "swiss"]
[EventRounds "9"]
[EventCountry "CAN"]

1. e4 c5 2. c3 d5 3. exd5 Qxd5 4. d4 Nc6 5. Nf3 Bg4 6. Be2 cxd4 7. cxd4 e6 8.
h3 Bh5 9. Nc3 Bb4 10. O-O Qa5 11. Qb3 Bxf3 12. Bxf3 Nxd4 13. Qc4 Nxf3+ 14. gxf3
Bxc3 15. bxc3 Ne7 16. Bb2 O-O 17. Qg4 Qf5 18. Qh4 Ng6 19. Qg3 Qf4 20. Qxf4 Nxf4
21. Kh2 Rac8 22. Rg1 f6 23. Rg4 Nd3 24. Rag1 g6 25. Ba3 Rfe8 26. c4 f5 27. Rd4
Ne5 28. Kg3 Nxc4 29. Bc1 Red8 30. Rh4 Rd3 31. Re1 e5 32. Bh6 e4 33. Rf4 Ne5 34.
Rb1 Nxf3 35. Rxb7 g5 0-1

[Event "CAN op"]
[Site "Hamilton CAN"]
[Date "2022.07.13"]
[Round "4.95"]
[White "Suresh, Pavan"]
[Black "Sun, Jonathan"]
[Result "1-0"]
[WhiteElo "1413"]
[BlackElo "873"]
[PlyCount "83"]
[EventDate "2022.07.12"]
[EventType "swiss"]
[EventRounds "9"]
[EventCountry "CAN"]

1. e4 e5 2. Nf3 Nc6 3. Bb5 a6 4. Bxc6 dxc6 5. O-O Bd6 6. d4 exd4 7. Qxd4 Nf6 8.
e5 Bg4 9. exf6 Bxf3 10. Re1+ Kd7 11. gxf3 c5 12. Qg4+ Kc6 13. fxg7 Rg8 14. Qe4+
Kb6 15. Be3 Qd7 16. Qxh7 f6 17. Kf1 Qb5+ 18. Qd3 Qxd3+ 19. cxd3 Rxg7 20. Nc3
Bxh2 21. Ne4 Rh8 22. Nxc5 Rg1+ 23. Ke2 Rxe1+ 24. Rxe1 Re8 25. Ne4+ Kc6 26. Rc1+
Kd5 27. Nxf6+ Ke6 28. Nxe8 Ke7 29. Nxc7 Bxc7 30. Rxc7+ Ke6 31. Rh7 Kd6 32. f4
Kd5 33. Re7 Kd6 34. Re4 Kd5 35. f5 b5 36. f6 a5 37. f7 b4 38. f8=Q a4 39. Qd8+
Kc6 40. Re6+ Kb7 41. Qd7+ Kb8 42. Re8# 1-0

[Event "CAN op"]
[Site "Hamilton CAN"]
[Date "2022.07.13"]
[Round "4.97"]
[White "Xie, Irene"]
[Black "Perez, Gilbert"]
[Result "0-1"]
[WhiteElo "1455"]
[BlackElo "1928"]
[PlyCount "156"]
[EventDate "2022.07.12"]
[EventType "swiss"]
[EventRounds "9"]
[EventCountry "CAN"]

1. e4 d6 2. d4 Nf6 3. f3 g6 4. Bd3 Bg7 5. Ne2 e5 6. d5 Nbd7 7. Be3 c5 8. c4 O-O
9. O-O Ne8 10. Nbc3 f5 11. Qc2 f4 12. Bd2 g5 13. a3 Ndf6 14. b4 b6 15. b5 h5
16. Kf2 g4 17. Ke1 a6 18. Qb2 Rf7 19. Kd1 Bd7 20. a4 Nh7 21. fxg4 hxg4 22. g3
f3 23. Nc1 Bf6 24. Nb3 a5 25. Kc2 Bg5 26. Nd1 Bxd2 27. Nxd2 Ng5 28. Nf2 Ra7 29.
Kb3 Bc8 30. Rfe1 Rh7 31. Nf1 Nh3 32. Nxh3 Rxh3 33. Rac1 Rf7 34. Rc2 Qg5 35. Rf2
Bd7 36. Qc1 Qg6 37. Qd2 Nf6 38. Qe3 Rfh7 39. Qd2 R7h5 40. Ka3 Be8 41. Kb3 Qh7
42. Qe3 Bg6 43. Ka3 Kg7 44. Kb3 Rxh2 45. Nxh2 Rxh2 46. Rxh2 Qxh2 47. Rg1 Nh5
48. Rd1 Qxg3 49. Qg5 Qf4 50. Qe7+ Bf7 51. Qxd6 g3 52. Qxb6 g2 53. Qxc5 f2 54.
d6 Nf6 55. b6 Qf3 56. Kc2 Qxd1+ 57. Kxd1 f1=Q+ 58. Bxf1 gxf1=Q+ 59. Kd2 Qxc4
60. Qxe5 Qb4+ 61. Qc3 Qxb6 62. Qg3+ Kf8 63. Qf4 Qd4+ 64. Kc2 Qxa4+ 65. Kd3 Qa3+
66. Ke2 Qb2+ 67. Qd2 Qxd2+ 68. Kxd2 Nxe4+ 69. Kc2 Nxd6 70. Kb2 a4 71. Ka3 Be8
72. Kb4 Ke7 73. Ka3 Ke6 74. Kb4 Kd5 75. Ka3 Kc4 76. Kb2 Kb4 77. Ka2 Nf5 78. Kb2
a3+ 0-1

[Event "CAN op"]
[Site "Hamilton CAN"]
[Date "2022.07.13"]
[Round "4.98"]
[White "Wiraszka, Michal"]
[Black "Chepelev, Ivan"]
[Result "1-0"]
[WhiteElo "957"]
[BlackElo "1377"]
[PlyCount "29"]
[EventDate "2022.07.12"]
[EventType "swiss"]
[EventRounds "9"]
[EventCountry "CAN"]

1. d4 d5 2. Bf4 Nf6 3. e3 e6 4. Nf3 c5 5. c3 Bd6 6. Bg3 O-O 7. Nbd2 Nc6 8. Bd3
b6 9. e4 dxe4 10. Nxe4 Bxg3 11. hxg3 c4 12. Nxf6+ gxf6 13. Bxh7+ Kg7 14. Qd2 f5
15. Qh6+ 1-0

[Event "CAN op"]
[Site "Hamilton CAN"]
[Date "2022.07.13"]
[Round "4.102"]
[White "Chua, Zachary"]
[Black "Narula, Japveer"]
[Result "0-1"]
[WhiteElo "861"]
[BlackElo "1326"]
[PlyCount "96"]
[EventDate "2022.07.12"]
[EventType "swiss"]
[EventRounds "9"]
[EventCountry "CAN"]

1. e4 e5 2. Nf3 Nc6 3. d4 exd4 4. Nxd4 Bc5 5. Be3 Nxd4 6. Bxd4 Bxd4 7. Qxd4 Qf6
8. e5 Qe7 9. Bc4 d6 10. f4 Bf5 11. Na3 f6 12. O-O-O dxe5 13. fxe5 fxe5 14. Qe3
Nf6 15. Rhf1 Bd7 16. Bb5 a6 17. Bxd7+ Nxd7 18. Nc4 O-O-O 19. Qa7 Nb8 20. Na5
Qb4 21. Nb3 Qb6 22. Qxb6 cxb6 23. Rf7 g6 24. Nd2 Rd7 25. Rf3 Rhd8 26. Rc3+ Nc6
27. a4 Kb8 28. Rd3 Nd4 29. Re1 Rd5 30. b4 Rc8 31. c3 Nb3+ 32. Kc2 Rxd3 33. Kxd3
Rd8+ 34. Kc2 Rxd2+ 35. Kxb3 Rxg2 36. Rxe5 Rxh2 37. Re6 Ka7 38. Kc4 g5 39. Kd5
Rf2 40. Kd6 Rf7 41. Rh6 Rg7 42. Ke5 g4 43. c4 g3 44. c5 bxc5 45. bxc5 g2 46.
Kf6 g1=Q 47. a5 Qg5+ 48. Ke6 Re7+ 0-1